000 nam a22 7a 4500
999 _c232955
_d232955
003 Nust
005 20170227112139.0
008 170227b xxu||||| |||| 00| 0 eng d
040 _c0
050 _a628 AHM
082 _a628 AHM
100 _aAhmed,Anwar
245 _aA Comparative Study Of Metallic Coagulants For Rawal Lake Filtration Plant
_cAnwar Ahmed
260 _aIslamabad
_bIESE (SCEE) NUST
_c2014.
300 _a99 p.
_bHB.
440 _aMS Environmental Engineering
500 _aThesis MS EE
650 _aEnvironmental Engineering
700 _4Dr. Zahiruddin Khan (Supervisor)
942 _2ddc
_cTHE
_kIESE